[Event "1.Spand. W-Open 2015"]
[Site "Berlin"]
[Date "2015.12.29"]
[Round "5.11"]
[White "Leyrer, Thomas"]
[Black "Böttcher, Patrick"]
[Result "0-1"]
[WhiteElo "1868"]
[BlackElo "2164"]
[PlyCount "106"]
[EventDate "2015.??.??"]
[WhiteTeam "SV Königsjäger Süd-West e.V."]
[BlackTeam "SC Zitadelle Spandau 1977 e.V."]

1. d4 Nf6 2. c4 c5 3. d5 b5 4. Nd2 bxc4 5. e4 Qa5 6. Qc2 e6 7. Bxc4 Bb7 8. Ne2
exd5 9. exd5 g6 10. b3 Bg7 11. Bb2 O-O 12. Bc3 Qd8 13. Qb2 Re8 14. f3 Qe7 15.
O-O d6 16. Ne4 Nxe4 17. Bxg7 f6 18. Bh6 Ng5 19. Ng3 Nd7 20. h4 Qe3+ 21. Kh1 Qf4
22. Bxg5 fxg5 23. Ne4 Qxh4+ 24. Kg1 Rxe4 25. fxe4 Ne5 26. g3 Qxg3+ 27. Qg2 Qe3+
28. Kh1 g4 29. Be2 Qg5 30. Rf2 g3 31. Rff1 h5 32. b4 c4 33. Rac1 h4 34. Rc3 Qd2
35. Qh3 Bc8 36. Qxh4 Qxe2 37. Qd8+ Kh7 38. Qe7+ Kh6 39. Qf8+ Kh7 40. Qe7+ Kh6
41. Qf8+ Kh5 42. Rxg3 Bg4 43. Qf4 g5 44. Qf6 Qxe4+ 45. Rg2 Nf3 46. Rxf3 Qxf3
47. Qe7 Qf1+ 48. Kh2 Rh8 49. Qg7 Rh6 50. Rg3 Qf2+ 51. Rg2 Qh4+ 52. Kg1 Qe1+ 53.
Kh2 Qe5+ 0-1

[Event "1.Spand. W-Open 2015"]
[Site "Berlin"]
[Date "2015.12.28"]
[Round "3.17"]
[White "Leyrer, Thomas"]
[Black "Gericke, Nicholas"]
[Result "1/2-1/2"]
[WhiteElo "1868"]
[BlackElo "1646"]
[PlyCount "56"]
[EventDate "2015.??.??"]
[WhiteTeam "SV Königsjäger Süd-West e.V."]
[BlackTeam "SC Caissa Falkensee e.V."]

1. d4 f5 2. c4 Nf6 3. Nc3 g6 4. e3 Bg7 5. Bd3 d6 6. d5 c6 7. Nge2 e5 8. dxe6
Bxe6 9. O-O a5 10. Nd4 Bf7 11. b3 O-O 12. Bb2 Na6 13. e4 fxe4 14. Nxe4 Nxe4 15.
Bxe4 Re8 16. Qf3 Nc5 17. Bxc6 bxc6 18. Nxc6 Qg5 19. Bxg7 Kxg7 20. Rfd1 Ne4 21.
Re1 Qf6 22. Qxf6+ Nxf6 23. Rxe8 Nxe8 24. Rd1 a4 25. f4 axb3 26. axb3 Rc8 27.
Nd4 Rb8 28. f5 Rb6 1/2-1/2

[Event "1.Spand. W-Open 2015"]
[Site "Berlin"]
[Date "2015.12.29"]
[Round "6.20"]
[White "Lischeid, Kilian"]
[Black "Leyrer, Thomas"]
[Result "1/2-1/2"]
[WhiteElo "1706"]
[BlackElo "1868"]
[PlyCount "26"]
[EventDate "2015.??.??"]
[WhiteTeam "Schachunion Berlin e.V."]
[BlackTeam "SV Königsjäger Süd-West e.V."]

1. c4 e6 2. d4 d5 3. Nc3 c6 4. Bf4 f5 5. e3 Nf6 6. Nf3 Be7 7. Be2 O-O 8. O-O
Ne4 9. h3 Nd7 10. a3 a6 11. Na2 Ndf6 12. Ne5 Bd7 13. c5 Ne8 1/2-1/2

[Event "1.Spand. W-Open 2015"]
[Site "Berlin"]
[Date "2015.12.29"]
[Round "4.3"]
[White "Malek, Daniel"]
[Black "Buttkus, Andre"]
[Result "1-0"]
[WhiteElo "2424"]
[BlackElo "2015"]
[PlyCount "73"]
[EventDate "2015.??.??"]
[WhiteTeam "SK Zehlendorf e.V."]
[BlackTeam "SK Tempelhof 1931 e.V."]

1. d4 Nf6 2. c4 e6 3. Nc3 Bb4 4. Nf3 c5 5. g3 Bxc3+ 6. bxc3 Qa5 7. Bd2 b6 8.
Bg2 Bb7 9. O-O O-O 10. Qb3 Ne4 11. Be1 Qa6 12. Ne5 d6 13. Nd3 d5 14. cxd5 Bxd5
15. Qb1 Nd6 16. f3 Nd7 17. Bf2 Rfc8 18. Rd1 Nb5 19. Qb2 Qa4 20. e4 Bc4 21. Bf1
Qa3 22. Qxa3 Nxa3 23. Rd2 Bb5 24. Rb2 cxd4 25. cxd4 Ba4 26. Kg2 Kf8 27. d5 exd5
28. exd5 Nf6 29. Nf4 Rd8 30. Rd2 g5 31. Bd4 Ne8 32. Nh3 h6 33. Bb2 Nb5 34. Nf2
Nbc7 35. d6 Nxd6 36. Ba3 Nce8 37. Ne4 1-0

[Event "1.Spand. W-Open 2015"]
[Site "Berlin"]
[Date "2015.12.27"]
[Round "2.2"]
[White "Malek, Daniel"]
[Black "Nürnberger, Thomas"]
[Result "1-0"]
[WhiteElo "2424"]
[BlackElo "1987"]
[PlyCount "45"]
[EventDate "2015.??.??"]
[WhiteTeam "SK Zehlendorf e.V."]
[BlackTeam "TSG Markkleeberg"]

1. d4 c5 2. d5 d6 3. e4 e5 4. Bb5+ Nd7 5. a4 a6 6. Bd3 g6 7. Nf3 Bg7 8. Nbd2
Ne7 9. Nc4 Nb6 10. Ne3 f5 11. Ng5 f4 12. Nc4 Nexd5 13. Nxd6+ Qxd6 14. exd5 Qe7
15. Ne4 Nxd5 16. O-O Be6 17. Bc4 Rd8 18. Qf3 g5 19. Bd2 g4 20. Qb3 O-O 21. Ba5
f3 22. Bxd8 Rxd8 23. Rfd1 1-0

[Event "1.Spand. W-Open 2015"]
[Site "Berlin"]
[Date "2015.12.29"]
[Round "6.1"]
[White "Malek, Daniel"]
[Black "Rietze, Clemens"]
[Result "1/2-1/2"]
[WhiteElo "2424"]
[BlackElo "2302"]
[PlyCount "38"]
[EventDate "2015.??.??"]
[WhiteTeam "SK Zehlendorf e.V."]
[BlackTeam "SC Rotation Pankow e.V."]

1. d4 f5 2. g3 Nf6 3. Bg2 g6 4. c4 Bg7 5. Nf3 d6 6. O-O O-O 7. Nc3 Qe8 8. Re1
Qf7 9. e4 fxe4 10. Ng5 Qxc4 11. Ngxe4 Nxe4 12. Rxe4 Qf7 13. Rf4 Bf6 14. Nd5 Na6
15. Qb3 Kh8 16. Nxf6 exf6 17. Bd5 Qg7 18. Bc4 c6 19. Bxa6 bxa6 1/2-1/2

[Event "1.Spand. W-Open 2015"]
[Site "Berlin"]
[Date "2015.12.28"]
[Round "3.1"]
[White "Meister, Jakob"]
[Black "Böttcher, Patrick"]
[Result "1-0"]
[WhiteElo "2445"]
[BlackElo "2164"]
[PlyCount "73"]
[EventDate "2015.??.??"]
[WhiteTeam "SK Zehlendorf e.V."]
[BlackTeam "SC Zitadelle Spandau 1977 e.V."]

1. e4 c5 2. Nf3 d6 3. d4 cxd4 4. Nxd4 Nf6 5. Nc3 a6 6. Bc4 e6 7. Bb3 Nbd7 8. f4
Nc5 9. f5 Bd7 10. Qf3 b5 11. Bg5 Be7 12. O-O-O b4 13. fxe6 fxe6 14. Nce2 O-O
15. e5 Nfe4 16. Bxe7 Qxe7 17. Qe3 d5 18. Rhf1 Rxf1 19. Rxf1 a5 20. c4 bxc3 21.
Nxc3 Nxc3 22. bxc3 Ne4 23. Kb2 a4 24. Bc2 Rb8+ 25. Ka1 Qa3 26. Rb1 Rxb1+ 27.
Bxb1 Qxc3+ 28. Qxc3 Nxc3 29. Kb2 Nb5 30. Nf3 h6 31. Bc2 Na7 32. Ka3 g5 33. Bxa4
Bc8 34. Kb4 Bb7 35. Kc5 Nc8 36. Bd7 Kf7 37. Nd4 1-0

[Event "1.Spand. W-Open 2015"]
[Site "Berlin"]
[Date "2015.12.27"]
[Round "1.1"]
[White "Meister, Jakob"]
[Black "Lischeid, Kilian"]
[Result "1-0"]
[WhiteElo "2445"]
[BlackElo "1706"]
[PlyCount "111"]
[EventDate "2015.??.??"]
[WhiteTeam "SK Zehlendorf e.V."]
[BlackTeam "Schachunion Berlin e.V."]

1. d4 e6 2. Bf4 Nf6 3. e3 d5 4. c4 Be7 5. Nc3 a6 6. cxd5 Nxd5 7. Nxd5 exd5 8.
Bd3 h6 9. Nf3 Nd7 10. Qc2 c5 11. dxc5 Nxc5 12. O-O O-O 13. Rfd1 Nxd3 14. Qxd3
Be6 15. Be5 Rc8 16. Bc3 b5 17. a3 Bf6 18. Bxf6 Qxf6 19. Qd4 Qxd4 20. Nxd4 Rc4
21. Kf1 Rfc8 22. Ke1 Kf8 23. Kd2 Ke7 24. b3 R4c7 25. Rac1 Kd6 26. Rxc7 Rxc7 27.
Rg1 h5 28. h4 Bc8 29. f3 f6 30. g4 hxg4 31. fxg4 g5 32. h5 Ke5 33. Kd3 Rf7 34.
Nf3+ Kd6 35. Ke2 Rc7 36. Nd4 Ke5 37. Kf3 Rf7 38. Rg2 Bd7 39. b4 Kd6 40. Kg3 Ke5
41. Kf3 Bc8 42. Rc2 Bd7 43. Rd2 Rh7 44. Kg3 Ke4 45. Nf3 Rf7 46. Rd4+ Kxe3 47.
Rxd5 Bc8 48. Rd8 Bb7 49. Re8+ Kd3 50. Kf2 Kc3 51. Re3+ Kc4 52. Nd2+ Kd4 53.
Nb3+ Kd5 54. Rd3+ Kc4 55. Ke3 Re7+ 56. Kd2 1-0

[Event "1.Spand. W-Open 2015"]
[Site "Berlin"]
[Date "2015.12.29"]
[Round "5.1"]
[White "Meister, Jakob"]
[Black "Rietze, Clemens"]
[Result "0-1"]
[WhiteElo "2445"]
[BlackElo "2302"]
[Annotator "Stelti"]
[PlyCount "58"]
[EventDate "2015.??.??"]
[WhiteTeam "SK Zehlendorf e.V."]
[BlackTeam "SC Rotation Pankow e.V."]

1. d4 f5 2. Bg5 g6 3. h4 Bg7 4. e3 d6 5. Nc3 h6 6. Bf4 Nf6 7. Bc4 e6 8. Nf3 Qe7
9. Qe2 Nc6 10. O-O-O Bd7 11. Bb3 O-O-O 12. Nd2 e5 13. dxe5 Nxe5 14. Nc4 Nxc4
15. Qxc4 Bc6 16. Nb5 Kb8 17. Nd4 Be8 18. Qb4 Bd7 19. Bc4 Ne4 20. Bd5 Nc5 21.
Kb1 Be5 22. Nb3 c6 23. Bxe5 Qxe5 24. Bf3 Nxb3 25. axb3 d5 26. Rd4 Be6 27. Qc3
Rd7 28. b4 Rc8 29. Qd2 Rcd8 {ZÜ} 0-1

[Event "1.Spand. W-Open 2015"]
[Site "Berlin"]
[Date "2015.12.27"]
[Round "2.4"]
[White "Mischuk, Dmitry"]
[Black "Baier, Reinhard"]
[Result "1/2-1/2"]
[WhiteElo "2332"]
[BlackElo "1971"]
[PlyCount "131"]
[EventDate "2015.??.??"]
[WhiteTeam "Ukraine"]
[BlackTeam "BSG 1827 Eckbauer e.V."]
[WhiteTeamCountry "UKR"]

1. e4 c5 2. Nf3 d6 3. d4 cxd4 4. Nxd4 Nf6 5. Nc3 g6 6. Be2 Bg7 7. O-O O-O 8.
Re1 Nc6 9. Nb3 a6 10. Bf1 b5 11. Nd5 Bb7 12. Bg5 Nxd5 13. exd5 Ne5 14. a4 Qd7
15. f4 f6 16. Bh4 Nc4 17. Bxc4 bxc4 18. Na5 Rac8 19. f5 Rc5 20. Nxb7 Qxb7 21.
fxg6 hxg6 22. Qg4 Qxd5 23. Rxe7 Qf5 24. Qd4 Qd5 25. Qe3 Rb8 26. Rxg7+ Kxg7 27.
Qe7+ Qf7 28. Bxf6+ Kg8 29. Qxd6 Rbc8 30. Rf1 R5c6 31. Qe7 Qxe7 32. Bxe7 Re8 33.
Bb4 Re2 34. Rf2 Rce6 35. Bc3 Rxf2 36. Kxf2 Kf7 37. Kf3 g5 38. b4 cxb3 39. cxb3
Kg6 40. b4 Kf5 41. g4+ Kg6 42. Bd2 Re8 43. Be3 Re6 44. b5 axb5 45. axb5 Re5 46.
b6 Kf7 47. Bf2 Rb5 48. Ke4 Ke6 49. Kd4 Kd6 50. Kc3 Kc6 51. Be3 Re5 52. Kd4 Rb5
53. Ke4 Kd7 54. Bf2 Ke6 55. Kd3 Kd5 56. Kc3 Kc6 57. Be3 Re5 58. Bd4 Re4 59. h3
Rf4 60. Kd3 Rf3+ 61. Ke4 Rxh3 62. Kf5 Rd3 63. Bf6 Kxb6 64. Bxg5 Rg3 65. Bf4
Rxg4 66. Kxg4 1/2-1/2

[Event "1.Spand. W-Open 2015"]
[Site "Berlin"]
[Date "2015.12.29"]
[Round "6.3"]
[White "Mischuk, Dmitry"]
[Black "Odnorozhenko, Kateryna"]
[Result "1-0"]
[WhiteElo "2332"]
[BlackElo "2125"]
[PlyCount "41"]
[EventDate "2015.??.??"]
[WhiteTeam "Ukraine"]
[BlackTeam "Ukraine"]
[WhiteTeamCountry "UKR"]
[BlackTeamCountry "UKR"]

1. e4 c5 2. Nf3 Nc6 3. d4 cxd4 4. Nxd4 Nf6 5. Nc3 d6 6. Bc4 g6 7. f3 Bg7 8. Be3
O-O 9. Qd2 Bd7 10. Bb3 Rc8 11. O-O-O a6 12. h4 h5 13. Nxc6 Bxc6 14. g4 hxg4 15.
h5 gxh5 16. Bh6 Qa5 17. Bd5 Bxd5 18. Qg5 Ne8 19. Nxd5 Kh8 20. Bxg7+ Nxg7 21.
Qh6+ 1-0

[Event "1.Spand. W-Open 2015"]
[Site "Berlin"]
[Date "2015.12.29"]
[Round "4.4"]
[White "Mischuk, Dmitry"]
[Black "Venske, Kai-Gerrit"]
[Result "1-0"]
[WhiteElo "2332"]
[BlackElo "2145"]
[PlyCount "37"]
[EventDate "2015.??.??"]
[WhiteTeam "Ukraine"]
[BlackTeam "SC Weisse Dame e.V."]
[WhiteTeamCountry "UKR"]

1. e4 d5 2. exd5 Qxd5 3. Nc3 Qa5 4. Nf3 Nf6 5. Rb1 e5 6. Bc4 Bb4 7. O-O O-O 8.
d3 Bxc3 9. bxc3 c6 10. Re1 b5 11. Bb3 Bg4 12. h3 Bxf3 13. Qxf3 Qc7 14. Qg3 Nbd7
15. Bh6 Ne8 16. d4 Qd6 17. Bg5 h6 18. dxe5 Qc5 19. Bxh6 1-0

[Event "1.Spand. W-Open 2015"]
[Site "Berlin"]
[Date "2015.12.29"]
[Round "6.8"]
[White "Nürnberger, Thomas"]
[Black "Baumgardt, Uwe"]
[Result "1/2-1/2"]
[WhiteElo "1987"]
[BlackElo "2165"]
[PlyCount "55"]
[EventDate "2015.??.??"]
[WhiteTeam "TSG Markkleeberg"]
[BlackTeam "SC Zitadelle Spandau 1977 e.V."]

1. c4 e5 2. Nc3 Nc6 3. g3 g6 4. Bg2 Bg7 5. e4 d6 6. Nge2 Nge7 7. d3 O-O 8. O-O
h6 9. h3 Kh7 10. Kh2 f5 11. f4 Nd4 12. Be3 c5 13. Qd2 Rb8 14. Rf2 Be6 15. Raf1
Nec6 16. Nd5 Nxe2 17. Qxe2 Nd4 18. Qd1 Qd7 19. Bc1 b5 20. exf5 Nxf5 21. b3 Nd4
22. g4 Bxd5 23. Bxd5 exf4 24. Bxf4 g5 25. Bg3 Rxf2+ 26. Rxf2 Rf8 27. Qe1 Rxf2+
28. Bxf2 1/2-1/2

[Event "1.Spand. W-Open 2015"]
[Site "Berlin"]
[Date "2015.12.28"]
[Round "3.15"]
[White "Nürnberger, Thomas"]
[Black "Reck, Jessica"]
[Result "1-0"]
[WhiteElo "1987"]
[BlackElo "1659"]
[PlyCount "85"]
[EventDate "2015.??.??"]
[WhiteTeam "TSG Markkleeberg"]
[BlackTeam "VfB Hermsdorf e.V."]

1. c4 g6 2. Nc3 Bg7 3. g3 Nf6 4. Bg2 O-O 5. e4 d6 6. Nge2 e5 7. d3 Nc6 8. O-O
Ne7 9. h3 Bd7 10. Kh2 Nh5 11. g4 Nf6 12. Ng3 Ne8 13. f4 exf4 14. Bxf4 Qc8 15.
Qd2 Bc6 16. Bg5 f6 17. Be3 f5 18. Bg5 Nf6 19. gxf5 gxf5 20. Nxf5 Nxf5 21. Rxf5
Bd7 22. Rf3 Qe8 23. Raf1 Qe5+ 24. Kg1 Nh5 25. Ne2 Qxb2 26. Qxb2 Bxb2 27. Rb1
Ba3 28. d4 Rxf3 29. Bxf3 Bxh3 30. Bxh5 Rf8 31. Rb3 Rf1+ 32. Kh2 Be6 33. Rxa3
Bxc4 34. Kg2 Ra1 35. Rxa7 Rxa2 36. Rxa2 Bxa2 37. Nc3 Bb3 38. Nb5 Bc2 39. Bf3 c5
40. d5 Kf7 41. Nxd6+ Kg6 42. Be3 b6 43. e5 1-0

[Event "1.Spand. W-Open 2015"]
[Site "Berlin"]
[Date "2015.12.28"]
[Round "3.9"]
[White "Odnorozhenko, Evgenyi"]
[Black "Al Hassan, Jomaa"]
[Result "1-0"]
[WhiteElo "2302"]
[BlackElo "2033"]
[PlyCount "73"]
[EventDate "2015.??.??"]
[WhiteTeam "Ukraine"]
[BlackTeam "Syrien"]
[WhiteTeamCountry "UKR"]
[BlackTeamCountry "SYR"]

1. e4 c5 2. Nf3 d6 3. Bb5+ Nd7 4. d4 cxd4 5. Qxd4 a6 6. Bxd7+ Bxd7 7. Nc3 e6 8.
Bg5 Qc7 9. O-O-O Rc8 10. Rhe1 e5 11. Qd2 Be6 12. Kb1 Qa5 13. Qe3 h6 14. Bh4 g5
15. Bg3 Nf6 16. h4 g4 17. Nd2 h5 18. Nb3 Qc7 19. f4 gxf3 20. gxf3 b5 21. f4 Bh6
22. Qf2 Ng4 23. Qf1 b4 24. Nd5 Qxc2+ 25. Ka1 Qc4 26. Qf3 Qb5 27. fxe5 dxe5 28.
Bxe5 Rg8 29. Nc7+ Rxc7 30. Bxc7 Rg6 31. Rd8+ Ke7 32. Nd4 Ne5 33. Nf5+ Bxf5 34.
exf5 Rc6 35. f6+ Rxf6 36. Qd1 Re6 37. Rxe5 1-0

[Event "1.Spand. W-Open 2015"]
[Site "Berlin"]
[Date "2015.12.27"]
[Round "1.7"]
[White "Odnorozhenko, Evgenyi"]
[Black "Reck, Jessica"]
[Result "1-0"]
[WhiteElo "2302"]
[BlackElo "1659"]
[PlyCount "87"]
[EventDate "2015.??.??"]
[WhiteTeam "Ukraine"]
[BlackTeam "VfB Hermsdorf e.V."]
[WhiteTeamCountry "UKR"]

1. e4 g6 2. d4 Bg7 3. Nc3 c6 4. Nf3 d5 5. h3 Nh6 6. Bg5 f6 7. Bf4 O-O 8. Qd3
Nf7 9. exd5 cxd5 10. Qb5 e6 11. Qb3 a6 12. Na4 Nd7 13. Qc3 e5 14. Be3 b5 15.
Nc5 Nxc5 16. Qxc5 Bb7 17. Qb4 Nd6 18. Be2 Rc8 19. c3 Nc4 20. Bc1 Re8 21. O-O
Bf8 22. Qb3 Bd6 23. dxe5 Nxe5 24. Nd4 Qc7 25. Bf4 Nc4 26. Bxd6 Qxd6 27. Rad1
Rc7 28. Bf3 Qf4 29. Rfe1 Rce7 30. Rxe7 Rxe7 31. Qc2 Kg7 32. a4 bxa4 33. Qxa4
Nd2 34. Qc2 Nxf3+ 35. Nxf3 Qc4 36. Nd4 Bc6 37. Qd2 Ba4 38. Re1 Re4 39. Re3 Rxe3
40. Qxe3 a5 41. Qe7+ Kh6 42. Qxf6 Qd3 43. Ne6 Qd2 44. Qh4# 1-0

[Event "1.Spand. W-Open 2015"]
[Site "Berlin"]
[Date "2015.12.28"]
[Round "3.5"]
[White "Odnorozhenko, Kateryna"]
[Black "Ackermann, Hans Werner"]
[Result "0-1"]
[WhiteElo "2125"]
[BlackElo "2305"]
[PlyCount "96"]
[EventDate "2015.??.??"]
[WhiteTeam "Ukraine"]
[BlackTeam "SSC Rostock 07"]
[WhiteTeamCountry "UKR"]

1. d4 Nf6 2. c4 e6 3. Nc3 Bb4 4. e3 O-O 5. Bd3 d5 6. Nf3 c5 7. O-O cxd4 8. exd4
dxc4 9. Bxc4 a6 10. Bb3 h6 11. Qe2 Nbd7 12. a3 Bxc3 13. bxc3 Re8 14. c4 Qc7 15.
Re1 b5 16. Ne5 bxc4 17. Qxc4 Qxc4 18. Nxc4 Rb8 19. Ba4 Nd5 20. Ne5 N5b6 21. Bc6
f6 22. Nd3 Bb7 23. d5 Bxc6 24. dxc6 Nf8 25. Nc5 Rbc8 26. Nxa6 Rxc6 27. Nb4 Rc4
28. Be3 Na4 29. Red1 Ra8 30. Kf1 Rh4 31. h3 Nb2 32. Rdc1 Nc4 33. Bc5 Nd2+ 34.
Ke2 Nb3 35. Bd6 Nxa1 36. Rxa1 Rd4 37. Bxf8 Kxf8 38. Nc2 Rc4 39. Ne3 Rca4 40.
Nc2 Rb8 41. Kd2 Rb3 42. Rd1 Ke7 43. Kc1 Rc4 44. Kd2 Rc5 45. Re1 Rb2 46. Rc1 Ra2
47. Kd3 Rxa3+ 48. Kd4 Rac3 0-1

[Event "1.Spand. W-Open 2015"]
[Site "Berlin"]
[Date "2015.12.27"]
[Round "1.15"]
[White "Odnorozhenko, Kateryna"]
[Black "Leyrer, Edgar"]
[Result "1-0"]
[WhiteElo "2125"]
[BlackElo "1598"]
[PlyCount "33"]
[EventDate "2015.??.??"]
[WhiteTeam "Ukraine"]
[BlackTeam "SV Königsjäger Süd-West e.V."]
[WhiteTeamCountry "UKR"]

1. d4 d5 2. c4 c6 3. Nc3 e6 4. e3 Nf6 5. Nf3 Nbd7 6. Bd3 dxc4 7. Bxc4 b5 8. Bd3
Bb7 9. e4 Bb4 10. O-O O-O 11. e5 Nd5 12. Nxd5 exd5 13. Bxh7+ Kh8 14. Ng5 g6 15.
Qb3 Be7 16. Qh3 Kg7 17. Ne6+ 1-0

[Event "1.Spand. W-Open 2015"]
[Site "Berlin"]
[Date "2015.12.29"]
[Round "5.7"]
[White "Odnorozhenko, Kateryna"]
[Black "Oelmann, Henry"]
[Result "1-0"]
[WhiteElo "2125"]
[BlackElo "2002"]
[PlyCount "33"]
[EventDate "2015.??.??"]
[WhiteTeam "Ukraine"]
[BlackTeam "Schachclub Oranienburg e.V."]
[WhiteTeamCountry "UKR"]

1. d4 Nf6 2. c4 e6 3. Nc3 Bb4 4. e3 c5 5. Nf3 Ne4 6. Qc2 Qa5 7. Qxe4 Bxc3+ 8.
Nd2 f5 9. Qe5 cxd4 10. Qxg7 dxe3 11. bxc3 exf2+ 12. Kxf2 Qc5+ 13. Qd4 Qf8 14.
Ba3 Qg8 15. Be2 h5 16. Qf6 Nc6 17. Nf3 1-0

[Event "1.Spand. W-Open 2015"]
[Site "Berlin"]
[Date "2015.12.27"]
[Round "2.3"]
[White "Oelmann, Henry"]
[Black "Ahmadinia, Ebrahim"]
[Result "0-1"]
[WhiteElo "2002"]
[BlackElo "2364"]
[PlyCount "54"]
[EventDate "2015.??.??"]
[WhiteTeam "Schachclub Oranienburg e.V."]
[BlackTeam "Iran"]
[BlackTeamCountry "IRI"]

1. d4 d5 2. c4 c6 3. Nf3 Nf6 4. Nc3 dxc4 5. a4 Bf5 6. e3 e6 7. Bxc4 Bb4 8. O-O
O-O 9. Bd2 a5 10. Rc1 Nbd7 11. Qe2 Bg6 12. Na2 Bd6 13. Bd3 Bh5 14. Qd1 Qb8 15.
h3 b5 16. Be2 b4 17. Be1 c5 18. dxc5 Nxc5 19. Nd4 Bxe2 20. Nxe2 Rd8 21. Nd4 Bf8
22. Qe2 Qd6 23. b3 e5 24. Nb5 Qd3 25. Qb2 Qxb3 26. Qxe5 Nd3 27. Qa1 Qxa4 0-1

[Event "1.Spand. W-Open 2015"]
[Site "Berlin"]
[Date "2015.12.29"]
[Round "4.15"]
[White "Oelmann, Henry"]
[Black "Hoffbauer, Jörg"]
[Result "1-0"]
[WhiteElo "2002"]
[BlackElo "1745"]
[PlyCount "93"]
[EventDate "2015.??.??"]
[WhiteTeam "Schachclub Oranienburg e.V."]
[BlackTeam "Bund(Betriebsschach)"]

1. d4 d5 2. c4 e6 3. Nc3 Nf6 4. Bg5 Be7 5. cxd5 exd5 6. Qc2 O-O 7. e3 Re8 8.
Bd3 h6 9. Bxf6 Bxf6 10. Nge2 c5 11. dxc5 d4 12. O-O-O Nc6 13. Bb5 Re7 14. Bxc6
bxc6 15. Nxd4 Rb7 16. Ne4 Bxd4 17. Rxd4 Qe7 18. Nd6 Rbb8 19. Re4 Be6 20. Rd1
Qf6 21. b3 Bd5 22. Rf4 Qg5 23. g3 a5 24. Rdd4 Qe5 25. h4 g6 26. Nc4 Bxc4 27.
Qxc4 Ra7 28. Qc3 Kh7 29. Kc2 Rb5 30. Rc4 Qd5 31. e4 Qd7 32. Rd4 Qe7 33. Rc4 Qd7
34. e5 Rb4 35. Qd3 Qe7 36. Rfe4 Rb5 37. Qd6 Qe8 38. Red4 Re7 39. f4 Rb8 40. Rd2
Ra7 41. h5 Rb4 42. hxg6+ fxg6 43. Rcd4 Qf7 44. g4 Rbb7 45. e6 Qe7 46. Qe5 Kg8
47. Rd8+ 1-0

[Event "1.Spand. W-Open 2015"]
[Site "Berlin"]
[Date "2015.12.29"]
[Round "6.15"]
[White "Oelmann, Henry"]
[Black "Sulayev, Daniel"]
[Result "1-0"]
[WhiteElo "2002"]
[BlackElo "1767"]
[PlyCount "85"]
[EventDate "2015.??.??"]
[WhiteTeam "Schachclub Oranienburg e.V."]
[BlackTeam "Schachpinguine Berlin e.V."]

1. d4 Nf6 2. c4 c5 3. d5 b5 4. cxb5 a6 5. Nc3 d6 6. e4 axb5 7. Bxb5+ Bd7 8.
Bxd7+ Nbxd7 9. Nge2 g6 10. Qc2 Bg7 11. b3 Qa5 12. Bb2 O-O 13. O-O Rfb8 14. Rfe1
Qb4 15. Nc1 c4 16. a3 cxb3 17. axb4 bxc2 18. Rxa8 Rxa8 19. Re2 Rb8 20. Nd3 Ne5
21. Nxe5 Rxb4 22. Rxc2 dxe5 23. f3 Rc4 24. Ba3 Bf8 25. Kf2 Ne8 26. g4 Nd6 27.
Ke1 Bh6 28. Bb2 Bf4 29. h4 Bg3+ 30. Kf1 Bxh4 31. Rg2 Bf6 32. Nd1 Nb5 33. Ne3
Rc8 34. g5 Bg7 35. Nc2 Rc4 36. Rd2 h6 37. Na3 Nxa3 38. Bxa3 Rc7 39. Rb2 h5 40.
Rb8+ Bf8 41. d6 exd6 42. Bxd6 Rc6 43. Bxf8 1-0

[Event "1.Spand. W-Open 2015"]
[Site "Berlin"]
[Date "2015.12.29"]
[Round "5.5"]
[White "Riedel, Hartmut"]
[Black "Bachmann, Volker"]
[Result "0-1"]
[WhiteElo "2177"]
[BlackElo "2095"]
[PlyCount "80"]
[EventDate "2015.??.??"]
[WhiteTeam "SC Zitadelle Spandau 1977 e.V."]
[BlackTeam "SC Empor Potsdam 1952 e.V."]

1. d4 Nf6 2. c4 g6 3. Nc3 d5 4. Nf3 Bg7 5. Bf4 O-O 6. e3 c5 7. dxc5 Qa5 8. Rc1
Ne4 9. cxd5 Nxc3 10. Qd2 Qxa2 11. bxc3 Qa5 12. e4 Qxc5 13. Be3 Qa5 14. Be2 Nd7
15. O-O Nc5 16. c4 Qc7 17. Bf4 Qd8 18. Qc2 Bd7 19. e5 a5 20. Be3 Rc8 21. Bxc5
Rxc5 22. Rfd1 b5 23. e6 Bc8 24. exf7+ Rxf7 25. Ng5 Rf8 26. Qe4 b4 27. Bg4 Bf6
28. Bxc8 Qxc8 29. Ne6 b3 30. Nxf8 Kxf8 31. d6 b2 32. Rc3 exd6 33. Rf3 Kg7 34.
Rxf6 Kxf6 35. Rxd6+ Kf7 36. Rd1 Rxc4 37. Qf3+ Kg7 38. Qa3 Qb7 39. Qd3 Rc1 40.
Qd4+ Kg8 0-1

[Event "1.Spand. W-Open 2015"]
[Site "Berlin"]
[Date "2015.12.29"]
[Round "4.9"]
[White "Riedel, Hartmut"]
[Black "Rudolph, Stephanie"]
[Result "1-0"]
[WhiteElo "2177"]
[BlackElo "1844"]
[PlyCount "69"]
[EventDate "2015.??.??"]
[WhiteTeam "SC Zitadelle Spandau 1977 e.V."]
[BlackTeam "SV Schachfreunde Friedrichshagen"]

1. d4 Nf6 2. c4 e6 3. Nc3 Bb4 4. e3 c5 5. Nge2 b6 6. a3 Bxc3+ 7. Nxc3 Bb7 8. d5
exd5 9. cxd5 d6 10. Bd3 O-O 11. e4 h6 12. O-O Qe7 13. f4 Nbd7 14. Qf3 Rac8 15.
Be3 Rfe8 16. Rae1 a6 17. a4 Qd8 18. g4 c4 19. Bc2 Re7 20. h4 Nc5 21. g5 hxg5
22. hxg5 Nfd7 23. Rf2 b5 24. Rh2 Nf8 25. Qh5 f6 26. g6 Nxg6 27. Qxg6 Qe8 28.
Qh7+ Kf7 29. e5 Nd3 30. Bxd3 cxd3 31. Ne4 Rd8 32. exf6 Qg8 33. Ng5+ Kf8 34.
fxe7+ Kxe7 35. Qf5 1-0

[Event "1.Spand. W-Open 2015"]
[Site "Berlin"]
[Date "2015.12.27"]
[Round "2.10"]
[White "Riedel, Hartmut"]
[Black "Vollbrecht, Lars"]
[Result "1-0"]
[WhiteElo "2177"]
[BlackElo "1880"]
[PlyCount "73"]
[EventDate "2015.??.??"]
[WhiteTeam "SC Zitadelle Spandau 1977 e.V."]
[BlackTeam "SF Siemensstadt"]

1. d4 d5 2. c4 c6 3. Nf3 Nf6 4. e3 Bg4 5. Nbd2 e6 6. Bd3 Be7 7. Qc2 Nbd7 8. b3
Bh5 9. O-O Bg6 10. e4 dxe4 11. Nxe4 Nxe4 12. Bxe4 Nf6 13. Bxg6 hxg6 14. Bf4 O-O
15. Rad1 Qa5 16. Rd3 Rad8 17. Rfd1 Qf5 18. Bc1 Bd6 19. Qe2 Qh5 20. g3 Qg4 21.
Kg2 Qh5 22. Bg5 Rd7 23. h3 Bc7 24. Qe3 a5 25. Ne5 Bxe5 26. dxe5 Rxd3 27. Rxd3
Ne4 28. h4 Nxg5 29. hxg5 c5 30. f3 b6 31. Rd1 f6 32. exf6 gxf6 33. Qxe6+ Kg7
34. Rd7+ Kh8 35. Qe7 Qxf3+ 36. Kxf3 fxg5+ 37. Qxf8# 1-0

[Event "1.Spand. W-Open 2015"]
[Site "Berlin"]
[Date "2015.12.29"]
[Round "4.2"]
[White "Rietze, Clemens"]
[Black "Ahmadinia, Ebrahim"]
[Result "1/2-1/2"]
[WhiteElo "2302"]
[BlackElo "2364"]
[PlyCount "73"]
[EventDate "2015.??.??"]
[WhiteTeam "SC Rotation Pankow e.V."]
[BlackTeam "Iran"]
[BlackTeamCountry "IRI"]

1. d4 d5 2. c4 c6 3. Nf3 Nf6 4. Nc3 dxc4 5. a4 Bf5 6. Ne5 Na6 7. e3 Nb4 8. Bxc4
e6 9. O-O h6 10. Qe2 Bh7 11. Rd1 Bd6 12. e4 O-O 13. Bf4 Qe7 14. Bg3 Nd7 15. f4
Kh8 16. Kh1 Rae8 17. Re1 a5 18. Qd2 f6 19. Nf3 Qd8 20. Rad1 Qb8 21. e5 Nb6 22.
Bb3 Bc7 23. exf6 Rxf6 24. Ne5 Rff8 25. Ne4 Bxe5 26. dxe5 Bxe4 27. Rxe4 N6d5 28.
Bh4 Qc7 29. Qd4 b6 30. Qc4 Qf7 31. Rf1 Qg6 32. Bd1 Rc8 33. Bf3 Qe8 34. Be2 Qg6
35. Bf3 Qe8 36. Be2 Qg6 37. Bf3 1/2-1/2

[Event "1.Spand. W-Open 2015"]
[Site "Berlin"]
[Date "2015.12.27"]
[Round "2.8"]
[White "Rietze, Clemens"]
[Black "Hartmann, Jakob"]
[Result "1-0"]
[WhiteElo "2302"]
[BlackElo "1932"]
[PlyCount "51"]
[EventDate "2015.??.??"]
[WhiteTeam "SC Rotation Pankow e.V."]
[BlackTeam "SV Königsjäger Süd-West e.V."]

1. d4 d5 2. c4 c6 3. Nf3 e6 4. Nc3 dxc4 5. a4 Bb4 6. e3 b5 7. Bd2 a5 8. axb5
Bxc3 9. Bxc3 cxb5 10. b3 Bb7 11. bxc4 b4 12. Bb2 Nf6 13. Bd3 O-O 14. O-O Nbd7
15. Re1 Ne4 16. Qc2 Ndf6 17. Ne5 Qc7 18. c5 Rfc8 19. Rec1 Qd8 20. c6 Nd6 21.
Qe2 a4 22. cxb7 Rxc1+ 23. Bxc1 Nxb7 24. Qb2 Qd6 25. Nc4 Qe7 26. Bd2 1-0